书目信息 |
| 题名: |
洪涝灾害卫星遥感监测技术与实践
|
|
| 作者: | 和海霞 著 | |
| 分册: | ||
| 出版信息: | 武汉 中国地质大学出版社 2017.04 |
|
| 页数: | 147页 | |
| 开本: | 26cm | |
| 丛书名: | ||
| 单 册: | ||
| 中图分类: | P426.616 | |
| 科图分类: | ||
| 主题词: | 卫星遥感--应用--水灾--监测--研究 | |
| 电子资源: | ||
| ISBN: | 978-7-5625-4019-9 | |
| 000 | 00990nam0 2200229 450 | |
| 001 | 4427 | |
| 005 | 20181012090114.64 | |
| 010 | @a978-7-5625-4019-9@dCNY68.00 | |
| 100 | @a20180412d2017 em y0chiy50 ea | |
| 101 | 0 | @achi |
| 102 | @aCN@b420000 | |
| 105 | @ay z 000yy | |
| 200 | 1 | @a洪涝灾害卫星遥感监测技术与实践@9hong lao zai hai wei xing yao gan jian ce ji shu yu shi jian@dTechnology and practice on flood monitoring using stallite remote sensing@f和海霞著@zeng |
| 210 | @a武汉@c中国地质大学出版社@d2017.04 | |
| 215 | @a147页@d26cm | |
| 330 | @a本书在简要介绍洪涝灾害理论知识的基础上,着重论述了洪涝灾害遥感监测技术方法,结合案例描述了洪涝灾害遥感监测实践应用,剖析了卫星遥感技术在洪涝灾害监测中的重要作用。 | |
| 510 | @aTechnology and practice on flood monitoring using stallite remote sensing@zeng | |
| 606 | 0 | @a卫星遥感@x应用@x水灾@x监测@x研究 |
| 690 | @aP426.616@v5 | |
| 701 | 0 | @a和海霞@9he hai xia@4著 |
| 801 | 0 | @aCN@b91MARC@c20180412 |
| 905 | @aMuseLib@dP426.616@e126 | |
| 洪涝灾害卫星遥感监测技术与实践=Technology and practice on flood monitoring using stallite remote sensing/和海霞著.-武汉:中国地质大学出版社,2017.04 |
| 147页;26cm |
| ←并列题名:Technology and practice on flood monitoring using stallite remote sensing |
| ISBN 978-7-5625-4019-9:CNY68.00 |
| 本书在简要介绍洪涝灾害理论知识的基础上,着重论述了洪涝灾害遥感监测技术方法,结合案例描述了洪涝灾害遥感监测实践应用,剖析了卫星遥感技术在洪涝灾害监测中的重要作用。 |
| ● |
| 相关链接 |
|
|
|
|
正题名:洪涝灾害卫星遥感监测技术与实践
索取号:P426.616/126
 
预约/预借
| 序号 | 登录号 | 条形码 | 馆藏地/架位号 | 状态 | 备注 |
| 1 | 1125051 | 211250518 | 第二样本阅览室/ [索取号:P426.616/126] | 在馆 | |
| 2 | 1125052 | 211250527 | 第三借阅区/ [索取号:P426.616/126] | 在馆 | |
| 3 | 1125053 | 211250536 | 密集书库-资源管理系/ [索取号:P426.616/126] | 在馆 | |
| 4 | 1125054 | 211250545 | 第三借阅区/ [索取号:P426.616/126] | 在馆 | |
| 5 | 1125055 | 211250554 | 第三借阅区/ [索取号:P426.616/126] | 在馆 |